ਸਿੱਖ ਸਿੱਧਾਂਤ ਗੁਰਮਤਿ ਵਿਚਾਰਧਾਰਾ / (Record no. 110491)

MARC details
000 -LEADER
fixed length control field 01012nam a22002537a 4500
005 - DATE AND TIME OF LATEST TRANSACTION
control field 20170123164153.0
010 ## - LIBRARY OF CONGRESS CONTROL NUMBER
LC control number B-065798
020 ## - INTERNATIONAL STANDARD BOOK NUMBER
Terms of availability 150.00
035 ## - SYSTEM CONTROL NUMBER
System control number B-065798
037 ## - SOURCE OF ACQUISITION
Stock number Cen Lib / Ret
040 ## - CATALOGING SOURCE
Original cataloging agency DPL
Language of cataloging PN
082 ## - DEWEY DECIMAL CLASSIFICATION NUMBER
Classification number 260
Item number ਭੱਲਾਜ
100 ## - MAIN ENTRY--PERSONAL NAME
Personal name ਭੱਲਾ, ਜਸਬੀਰ ਸਿੰਘ
9 (RLIN) 138182
245 ## - TITLE STATEMENT
Title ਸਿੱਖ ਸਿੱਧਾਂਤ ਗੁਰਮਤਿ ਵਿਚਾਰਧਾਰਾ /
Statement of responsibility, etc ਜਸਬੀਰ ਸਿੰਘ ਭੱਲਾ
246 ## - VARYING FORM OF TITLE
Title proper/short title Gurmat vichardhara /
Remainder of title by Jasbir Singh Bhalla
260 ## - PUBLICATION, DISTRIBUTION, ETC. (IMPRINT)
Place of publication, distribution, etc ਦਿੱਲੀ
Name of publisher, distributor, etc ਮਨਪ੍ਰੀਤ ਪ੍ਰਕਾਸ਼ਨ
Date of publication, distribution, etc 2003
270 ## - ADDRESS
Address 16/16 (1st floor) ਗੀਤਾ ਕਾਲੋਨੀ
City ਦਿੱਲੀ
Postal code 110031
300 ## - PHYSICAL DESCRIPTION
Extent 148p.
Dimensions 22cm(Hb)
650 ## - SUBJECT ADDED ENTRY--TOPICAL TERM
Topical term or geographic name as entry element ਪੰਜਾਬੀ ਸਾਹਿਤ
9 (RLIN) 138183
650 ## - SUBJECT ADDED ENTRY--TOPICAL TERM
Topical term or geographic name as entry element ਪੰਜਾਬੀ -- ਧਰਮ
9 (RLIN) 1301
650 ## - SUBJECT ADDED ENTRY--TOPICAL TERM
Topical term or geographic name as entry element Punjabi - Religious
9 (RLIN) 138184
650 ## - SUBJECT ADDED ENTRY--TOPICAL TERM
Topical term or geographic name as entry element Literature - punjabi
9 (RLIN) 138185
942 ## - ADDED ENTRY ELEMENTS (KOHA)
Source of classification or shelving scheme Dewey Decimal Classification
Koha item type Punjabi Bks
Classification part 260
Call number suffix ਭੱਲਾਜ
Holdings
Withdrawn status Lost status Damaged status Not for loan Home library Current library Date acquired Source of acquisition Cost, normal purchase price Total Checkouts Full call number Barcode Date last seen Copy number Cost, replacement price Price effective from Koha item type
        Central Library Central Library 27/01/2016 Cen Lib/Ret 150.00   260 ਭੱਲਾਜ B-065798 27/01/2016 1 150.00 27/01/2016 Punjabi Bks

© Delhi Public Library
Hit Counter
free hit counter